| 000 | 00821nam a22002657a 4500 | ||
|---|---|---|---|
| 001 | BR6010545 | ||
| 003 | BR-BrBNA | ||
| 005 | 20230928083330.0 | ||
| 007 | ta | ||
| 008 | 230509b bl.||||| |||| 00| 0 por d | ||
| 040 |
_aBR-BrBNA _bpor _cBiblioteca Nacional de Agricultura |
||
| 041 | _a(Por) | ||
| 072 |
_aE10; E50 _b/G514 |
||
| 090 | _ E10 BR6010545 | ||
| 110 | 1 |
_aInstituto Nacional de Colonizacao e Reforma Agraria, Brasilia, DF (Brasil). Assessoria de Relacoes Publicas _96408 |
|
| 245 | 1 | _aINCRA e noticia [Instituto Nacional de Colonizacao e Reforma Agraria, Brasil] | |
| 260 | 3 |
_aBrasilia, DF (Brasil): _c[nd]. |
|
| 300 | _avp. | ||
| 500 | _a[ca. 30]p. | ||
| 650 | _aCOLONIZACAO | ||
| 650 | _aREFORMA AGRARIA | ||
| 650 | _aINSTITUICAO AGRICOLA | ||
| 909 |
_a202309 _bLucia _c55 _dLucia Elande |
||
| 942 | _cBK | ||
| 999 |
_c12856 _d12856 |
||